Public Policy and the Enviroment : Survey of the Literature.

This paper notes that market failure, policy failures, and population pressures are major sources of environmental degradation and that linkages between economic activities and the environment exist at the levels of macroeconomic objectives, macroeconomic policy instruments, implementation of enviro...

全面介紹

書目詳細資料
企業作者: International Monetary Fund
格式: 雜誌
語言:English
出版: Washington, D.C. : International Monetary Fund, 1990.
叢編:IMF Working Papers; Working Paper ; No. 1990/056
在線閱讀:Full text available on IMF
LEADER 01785cas a2200241 a 4500
001 AALejournalIMF010078
008 230101c9999 xx r poo 0 0eng d
020 |c 5.00 USD 
020 |z 9781451968057 
022 |a 1018-5941 
040 |a BD-DhAAL  |c BD-DhAAL 
110 2 |a International Monetary Fund. 
245 1 0 |a Public Policy and the Enviroment :   |b Survey of the Literature. 
264 1 |a Washington, D.C. :  |b International Monetary Fund,  |c 1990. 
300 |a 1 online resource (44 pages) 
490 1 |a IMF Working Papers 
500 |a <strong>Off-Campus Access:</strong> No User ID or Password Required 
500 |a <strong>On-Campus Access:</strong> No User ID or Password Required 
506 |a Electronic access restricted to authorized BRAC University faculty, staff and students 
520 3 |a This paper notes that market failure, policy failures, and population pressures are major sources of environmental degradation and that linkages between economic activities and the environment exist at the levels of macroeconomic objectives, macroeconomic policy instruments, implementation of environmental policies, and measurement of economic activity. This paper also points out that fiscal instruments can, and indeed do, play a significant role in resolving environmental problems. In addition, market-based solutions, including pollution permits, also have merit. This paper further points out that implementing environmental policies poses considerable challenges for public policymakers and concludes by suggesting areas for further research. 
538 |a Mode of access: Internet 
830 0 |a IMF Working Papers; Working Paper ;  |v No. 1990/056 
856 4 0 |z Full text available on IMF  |u http://elibrary.imf.org/view/journals/001/1990/056/001.1990.issue-056-en.xml  |z IMF e-Library